Воспитательная деятельность образовательной организации: от ценностных доминант к проектированию и реализации (Запись № 13670153)

Подробности
000 -МАРКЕР
контрольное поле 02412nam0a2200337 4500
001 - ИДЕНТИФИКАТОР ЗАПИСИ
контрольное поле RU\NLR\BIBL_A\022382097
005 - ИДЕНТИФИКАТОР ВЕРСИИ
контрольное поле 20260420021551.0
010 ## - МЕЖДУНАРОДНЫЙ СТАНДАРТНЫЙ НОМЕР КНИГИ (ISBN)
Номер (ISBN) 978-5-6048788-6-6
Тираж 500
021 ## - НОМЕР ГОСУДАРСТВЕННОЙ РЕГИСТРАЦИИ
Код страны Российская Федерация
Номер КН-П-24-060249
Номер Листа государственной регистраци КН-П-24-5988
035 ## - ДРУГИЕ СИСТЕМНЫЕ НОМЕРА
Идентификатор записи (NLR Aleph) 022382097
100 ## - ДАННЫЕ ОБЩЕЙ ОБРАБОТКИ
Данные общей обработки 20241114d2023 u y0rusy50 ca
101 0# - ЯЗЫК РЕСУРСА
Язык текста, звукозаписи и т.д. русский
102 ## - СТРАНА ПУБЛИКАЦИИ ИЛИ ПРОИЗВОДСТВА
Страна публикации Российская Федерация
105 ## - ПОЛЕ КОДИРОВАННЫХ ДАННЫХ: ТЕКСТОВЫЕ МАТЕРИАЛЫ, МОНОГРАФИЧЕСКИЕ
Кодированные данные о монографическом текстовом документе a j 000yy
181 #0 - ПОЛЕ КОДИРОВАННЫХ ДАННЫХ: ВИД СОДЕРЖАНИЯ
Код вида содержания (ISBD) i
Код характеристики содержания (ISBD) xxxe
182 #0 - ПОЛЕ КОДИРОВАННЫХ ДАННЫХ: ТИП СРЕДСТВА
Код типа средства (ISBD) n - непосредственное
200 1# - ЗАГЛАВИЕ И СВЕДЕНИЯ ОБ ОТВЕТСТВЕННОСТИ
Основное заглавие Воспитательная деятельность образовательной организации: от ценностных доминант к проектированию и реализации
Сведения, относящиеся к заглавию методическое пособие
-- проекты и лучшие воспитательные практики школ Российской Федерации, представленные в соответствии с мировоззренческой моделью "Пентабазис" (Человек – Семья – Общество – Государство – Страна)
Первые сведения об ответственности Министерство просвещения Российской Федерации, Федеральное государственное бюджетное образовательное учреждение "Международный детский центр "Артек"
Последующие сведения об ответственности [авторы-составители: Федоренко Константин Альбертович (общая редакция) и др.]
203 ## - ВИД СОДЕРЖАНИЯ И ТИП СРЕДСТВА
Вид содержания Текст
Дополнительные сведения об издании визуальный
Тип средства непосредственный
210 ## - ПУБЛИКАЦИЯ, РАСПРОСТРАНЕНИЕ И ДР.
Место издания, распространения и т.д. Ялта
Имя издателя, распространителя и т. д. МДЦ "Артек"
-- Онлайн-Сервис
Дата издания, распространения и т.д. 2023
215 ## - ФИЗИЧЕСКАЯ ХАРАКТЕРИСТИКА
Специфическое обозначение материала и объем 347 с.
Другие сведения о физической характеристике цв. ил., табл.
Размеры 25
320 ## - ПРИМЕЧАНИЯ О НАЛИЧИИ В ДОКУМЕНТЕ БИБЛИОГРАФИИ / УКАЗАТЕЛЯ
Текст примечания Библиогр.: с. 344–345 (18 назв.)
606 1# - НАИМЕНОВАНИЕ ТЕМЫ КАК ПРЕДМЕТ
Наименование темы Общеобразовательные учреждения
Формальный подзаголовок Методические пособия
Тематический подзаголовок Воспитательная работа
Системный номер авторитетной/нормативной записи 2152602
Идентификатор авторитетной/нормативной записи RU\NLR\AUTH\661600940
686 1# - ИНДЕКСЫ ДРУГИХ КЛАССИФИКАЦИЙ
Индекс Ч421.3я8
702 #1 - ИМЯ ЛИЦА - ВТОРИЧНАЯ ОТВЕТСТВЕННОСТЬ
Начальный элемент ввода Федоренко
Часть имени, кроме начального элемента ввода К. А.
Расширение инициалов личного имени Константин Альбертович
Код отношения Составитель
-- Редактор
712 02 - НАИМЕНОВАНИЕ ОРГАНИЗАЦИИ - ВТОРИЧНАЯ ОТВЕТСТВЕННОСТЬ
Код отношения Прочие
Начальный элемент ввода "Артек", международный детский центр
Идентифицирующий признак пгт. Гурзуф, Ялта
Системный номер авторитетной/нормативной записи 480582
Идентификатор авторитетной/нормативной записи RU\NLR\AUTH\880407156
942 ## - ДОПОЛНИТЕЛЬНЫЕ ЭЛЕМЕНТЫ ЗАПИСИ (АБИС)
Тип экземпляра АБИС Книга
980 ## - КОЛЛЕКЦИЯ
Название коллекции Национальная библиография

Нет доступных экземпляров.